00504nam a2200169Ia 450000500170000000800410001702000150005808200130007310000140008624500410010026000400014130000130018150000220019494200060021695200970022299900150031920250520012948.0240331s9999 xx 000 0 und d a9552035074 bGAMa305 aGamage, K 0aPrabanda kathawen nirupitha kanthawa aColombobS. Godage & Brothersc1999 a215 p ., aWomen Based Story cL 001040708LaWERCLbWERCLcSSCd2024-03-31l0o 305.4 GAMp4780r2024-03-31w2024-03-31yL c1651d1651